000 00888cam a2200241 4500
008 000000n2000 000 0 eng u
020 _a0854069933
020 _a0854069925
035 _a(Sirsi) u103010
050 _a333.332
_c18
110 _aRoyal Institution of Chartered Surveyors
_94900
245 _aReport writer
260 _aLondon
_bRICS
_c2000
300 _a132p.
_c26cm. + 2 booklets + 1 CD-ROM
520 _aONLY AVAILABLE TO VIEW IN THE LIBRARY. CD-ROM is held at the enquiry desk. The archive copy only contains the report writer book. The pack is available to buy from RICS Books. Not applicable in Scotland.
650 _aVALUATIONS
650 _aREPORT WRITING
650 _aSURVEYS
650 _aRICS HOMEBUYER SURVEY AND VALUATION
650 _aRICS APPRAISAL AND VALUATION MANUAL
690 _aPROPERTY-PROPERTY APPRAISAL AND VALUATION
942 _n0
999 _c100083
_d100083